[Event "7. Lichtenberger Sommer"]
[Site "Berlin"]
[Date "2008.08.16"]
[Round "1.1"]
[White "Rabiega, Robert"]
[Black "Grillich, Alexander"]
[Result "1-0"]
[WhiteElo "2552"]
[BlackElo "2032"]
[PlyCount "61"]
[EventDate "2008.??.??"]
[WhiteTeam "SK König Tegel 1949 e.V."]
[BlackTeam "SC Rochade e.V."]

1. e4 c5 2. c3 Nf6 3. e5 Nd5 4. Nf3 d6 5. d4 e6 6. c4 Nb6 7. dxc5 dxc5 8. Qxd8+
Kxd8 9. Nc3 Be7 10. Bf4 Nc6 11. O-O-O+ Ke8 12. Nb5 Kf8 13. Nd6 h6 14. h4 Bxd6
15. Rxd6 Ke7 16. Be2 Rd8 17. Be3 Nd7 18. Rhd1 a5 19. g4 Ra6 20. h5 Rg8 21. R6d2
b6 22. Bf4 Ra7 23. Rg1 Ndb8 24. g5 hxg5 25. Bxg5+ Kf8 26. h6 Rd7 27. hxg7+ Ke8
28. Bf6 Rxd2 29. Kxd2 Ne7 30. Rh1 Ng6 31. Bd3 1-0

[Event "7. Lichtenberger Sommer"]
[Site "Berlin"]
[Date "2008.08.16"]
[Round "1.2"]
[White "Mai, Andreas"]
[Black "Meister, Jakob"]
[Result "0-1"]
[WhiteElo "1899"]
[BlackElo "2487"]
[PlyCount "94"]
[EventDate "2008.??.??"]
[WhiteTeam "SC Friesen Lichtenberg e.V."]
[BlackTeam "SK Zehlendorf e.V."]

1. e4 c5 2. Nf3 g6 3. d4 cxd4 4. Nxd4 Bg7 5. c3 Nc6 6. Bc4 Nf6 7. Nxc6 bxc6 8.
e5 Nd5 9. Qe2 Qc7 10. f4 O-O 11. O-O Nb6 12. Bd3 d6 13. exd6 Qxd6 14. f5 Rd8
15. Bc2 Bxf5 16. Bxf5 gxf5 17. Nd2 e6 18. Qh5 Qc5+ 19. Kh1 Nd5 20. Nf3 Qc4 21.
Bh6 Qg4 22. Qxg4 fxg4 23. Bxg7 gxf3 24. Bd4 fxg2+ 25. Kxg2 f5 26. Kf3 Kf7 27.
Rg1 Rg8 28. Rxg8 Rxg8 29. Bxa7 e5 30. c4 e4+ 31. Kf2 Nb4 32. Rg1 Ra8 33. Bd4 c5
34. Bc3 Nxa2 35. Ra1 Ra6 36. Be5 Ke6 37. Bf4 Nb4 38. Rxa6+ Nxa6 39. Ke3 Nb4 40.
Bh6 Nd3 41. Bg7 Kf7 42. Bc3 Kg6 43. h4 Kh5 44. Bf6 Kg4 45. b3 h5 46. Bg5 Kg3
47. Be7 f4+ 0-1

[Event "7. Lichtenberger Sommer"]
[Site "Berlin"]
[Date "2008.08.16"]
[Round "1.3"]
[White "Kraemer, Martin"]
[Black "Fiedler, Wolfgang"]
[Result "1-0"]
[WhiteElo "2456"]
[BlackElo "1992"]
[PlyCount "89"]
[EventDate "2008.??.??"]
[WhiteTeam "Sfrd. Berlin 1903 e.V."]
[BlackTeam "SG Narva Berlin e.V."]

1. e4 g6 2. d4 Bg7 3. Nc3 d6 4. f4 Nd7 5. Nf3 e6 6. Be3 Ne7 7. Bd3 c6 8. Qe2
Qa5 9. O-O O-O 10. a3 Qc7 11. Kh1 d5 12. e5 Nf5 13. Bf2 a6 14. g4 Ne7 15. Bh4
Re8 16. f5 gxf5 17. gxf5 Nxf5 18. Bxf5 exf5 19. Rg1 Re6 20. Ng5 Nf8 21. Nxe6
fxe6 22. Bf6 Ng6 23. Bxg7 Qxg7 24. Qh5 Bd7 25. Ne2 Be8 26. Nf4 Bf7 27. Qg5 Kf8
28. h4 Qh8 29. Nh5 h6 30. Qe3 Nxe5 31. Ng7 Ng4 32. Nxe6+ Bxe6 33. Qxe6 Qxd4 34.
Qxf5+ Nf6 35. Rg4 Qxg4 36. Qxf6+ Kg8 37. Rg1 Qxg1+ 38. Kxg1 Rf8 39. Qg6+ Kh8
40. Qxh6+ Kg8 41. Qg6+ Kh8 42. Kh2 Rf2+ 43. Kh3 Rf3+ 44. Kg4 Rf8 45. Kh5 1-0

[Event "7. Lichtenberger Sommer"]
[Site "Berlin"]
[Date "2008.08.16"]
[Round "1.5"]
[White "Richter, Michael"]
[Black "Groeling, Juergen"]
[Result "1-0"]
[WhiteElo "2422"]
[BlackElo "1950"]
[PlyCount "45"]
[EventDate "2008.??.??"]
[WhiteTeam "SC Kreuzberg e.V."]
[BlackTeam "Landessenioren-Schachverein Bran"]

1. d4 e6 2. c4 b6 3. Nc3 Bb7 4. a3 f5 5. Nf3 Be7 6. g3 Bxf3 7. exf3 c5 8. dxc5
bxc5 9. Bg2 Nc6 10. O-O Rb8 11. f4 Nd4 12. Be3 Nb3 13. Rb1 a6 14. Nb5 axb5 15.
Qxb3 b4 16. Rfd1 Nf6 17. axb4 Rxb4 18. Qd3 O-O 19. Bd2 Rb8 20. Bc3 Qc7 21. Be5
d6 22. Bxd6 Rfd8 23. Bxc7 1-0

[Event "7. Lichtenberger Sommer"]
[Site "Berlin"]
[Date "2008.08.16"]
[Round "1.6"]
[White "Walter, Guenter"]
[Black "Figura, Atila Gajo"]
[Result "0-1"]
[WhiteElo "2082"]
[BlackElo "2407"]
[PlyCount "60"]
[EventDate "2008.??.??"]
[WhiteTeam "TSG Oberschöneweide e.V."]
[BlackTeam "SC Kreuzberg e.V."]

1. e4 d5 2. exd5 Nf6 3. c4 c6 4. d4 cxd5 5. Nc3 g6 6. Nf3 Bg7 7. Bg5 Ne4 8.
cxd5 Nxg5 9. Nxg5 Qb6 10. Bb5+ Bd7 11. Qf3 Bf6 12. Bxd7+ Nxd7 13. Nge4 Bxd4 14.
O-O O-O 15. Rfd1 Bg7 16. d6 e6 17. Rac1 Rac8 18. Na4 Qb4 19. b3 Qa5 20. Qe3
Rfd8 21. h3 Nf6 22. Rxc8 Rxc8 23. d7 Rd8 24. Qc5 b5 25. b4 Qxa4 26. Nc3 Qa6 27.
Qe7 Rxd7 28. Rxd7 Nxd7 29. Qe8+ Nf8 30. Nxb5 Qxa2 0-1

[Event "7. Lichtenberger Sommer"]
[Site "Berlin"]
[Date "2008.08.16"]
[Round "1.7"]
[White "Thinius, Marco"]
[Black "Kopmann, Jens"]
[Result "1-0"]
[WhiteElo "2387"]
[BlackElo "1967"]
[PlyCount "29"]
[EventDate "2008.??.??"]
[WhiteTeam "Sfrd. Berlin 1903 e.V."]
[BlackTeam "USV Potsdam e.V., Abt. Schach"]

1. e4 c6 2. d4 d5 3. e5 Bf5 4. Nc3 e6 5. g4 Bg6 6. Nge2 Qh4 7. Nf4 Nd7 8. Ng2
Qd8 9. h4 h6 10. f4 Bb4 11. Bd3 Bxd3 12. Qxd3 h5 13. f5 Ne7 14. fxe6 fxe6 15.
Nf4 1-0

[Event "7. Lichtenberger Sommer"]
[Site "Berlin"]
[Date "2008.08.16"]
[Round "1.8"]
[White "Hantusch, Ralf"]
[Black "Von Herman, Ulf"]
[Result "0-1"]
[WhiteElo "1805"]
[BlackElo "2374"]
[PlyCount "60"]
[EventDate "2008.??.??"]
[WhiteTeam "SV Bau-Union e.V."]
[BlackTeam "SK König Tegel 1949 e.V."]

1. c4 g6 2. g3 Bg7 3. Bg2 d6 4. Nf3 c5 5. Nc3 Nc6 6. d3 Rb8 7. Bd2 a6 8. a4 Nh6
9. O-O Nf5 10. e3 b6 11. Qb1 Bb7 12. Ne2 O-O 13. Bc3 e5 14. Rd1 Re8 15. Rd2 Rc8
16. Qa2 Rc7 17. a5 b5 18. cxb5 axb5 19. b3 Ba8 20. Ne1 b4 21. Bb2 Ra7 22. Bxc6
Bxc6 23. d4 exd4 24. exd4 Rae7 25. d5 Rxe2 26. Bxg7 Rxe1+ 27. Rxe1 Rxe1+ 28.
Kg2 Bb5 29. Ba1 Bf1+ 30. Kf3 Qe7 0-1

[Event "7. Lichtenberger Sommer"]
[Site "Berlin"]
[Date "2008.08.16"]
[Round "1.9"]
[White "Kiesekamp, Marcos"]
[Black "Tong, Lukas Fabian Chuan"]
[Result "1-0"]
[WhiteElo "2316"]
[BlackElo "1798"]
[PlyCount "47"]
[EventDate "2008.??.??"]
[WhiteTeam "TuS Makkabi Berlin e.V."]
[BlackTeam "SV Empor Berlin e.V."]

1. d4 Nf6 2. c4 e6 3. Nc3 Bb4 4. Bg5 b6 5. e4 h6 6. Bxf6 Qxf6 7. e5 Qe7 8. Qf3
Nc6 9. Bd3 Bb7 10. Nge2 O-O 11. Qe4 f5 12. Qe3 Nd8 13. Nf4 Bxc3+ 14. bxc3 Qa3
15. O-O Nf7 16. d5 exd5 17. Bxf5 Rfe8 18. e6 Nd8 19. cxd5 Qd6 20. Qg3 g5 21.
exd7 Rf8 22. Be6+ Kh7 23. Qd3+ Kg7 24. Qg6+ 1-0

[Event "7. Lichtenberger Sommer"]
[Site "Berlin"]
[Date "2008.08.16"]
[Round "1.10"]
[White "Getzuhn, Detlef"]
[Black "Wendt, Jan-Dietrich"]
[Result "0-1"]
[WhiteElo "1979"]
[BlackElo "2372"]
[PlyCount "80"]
[EventDate "2008.??.??"]
[WhiteTeam "SV Senat"]
[BlackTeam "Sfrd. Berlin 1903 e.V."]

1. e4 c5 2. Nf3 Nc6 3. Bc4 e6 4. Nc3 Nf6 5. e5 d5 6. exf6 dxc4 7. fxg7 Bxg7 8.
Qe2 Nd4 9. Nxd4 cxd4 10. Ne4 d3 11. cxd3 cxd3 12. Qh5 Qd4 13. f3 O-O 14. Qc5
Qxc5 15. Nxc5 Rd8 16. Rb1 b6 17. Ne4 Bb7 18. O-O Bd4+ 19. Kh1 Bxe4 20. fxe4
Rac8 21. b3 Rc2 22. a4 Rdc8 23. g3 f6 24. Kg2 Kf7 25. Kf3 Kg6 26. h3 h5 27. Re1
R8c5 28. g4 Rc8 29. Rf1 Rh8 30. Kf4 hxg4 31. Kxg4 Rc5 32. h4 Rch5 33. Rh1 Rg5+
34. Kf3 Rgh5 35. Kg4 Re5 36. Kf3 f5 37. exf5+ Kxf5 38. Ba3 Re2 39. Rhf1 Rg8 40.
Rbd1 e5 0-1

[Event "7. Lichtenberger Sommer"]
[Site "Berlin"]
[Date "2008.08.16"]
[Round "1.11"]
[White "Muse, Drazen"]
[Black "Koerner, Helmut"]
[Result "1-0"]
[WhiteElo "2369"]
[BlackElo "1981"]
[PlyCount "93"]
[EventDate "2008.??.??"]
[WhiteTeam "SK König Tegel 1949 e.V."]
[BlackTeam "Sfr.Nord-Ost Berlin"]

1. e4 d5 2. exd5 Nf6 3. d4 Nxd5 4. c4 Nb6 5. Nc3 e5 6. dxe5 Qxd1+ 7. Nxd1 Nc6
8. f4 Be6 9. b3 Bb4+ 10. Bd2 O-O-O 11. Bxb4 Nxb4 12. Ne3 f6 13. Nf3 fxe5 14.
fxe5 Rhe8 15. Be2 Nd7 16. O-O Nc6 17. Rad1 Ndxe5 18. Rxd8+ Rxd8 19. Ng5 Bg8 20.
Nf5 g6 21. Nh6 Nd4 22. Re1 Ndc6 23. Nxg8 Rxg8 24. Nxh7 a5 25. Nf6 Rf8 26. Nd5
Re8 27. Rd1 Nb4 28. Nxb4 axb4 29. Kf2 c5 30. Bf3 Kc7 31. Rd2 Rf8 32. Kg3 Nxf3
33. gxf3 b6 34. Kg4 Rf5 35. h4 Re5 36. f4 Re1 37. Rg2 Kd7 38. Kg5 Re6 39. f5
gxf5 40. Kxf5 Re1 41. Rg7+ Ke8 42. h5 Kf8 43. h6 Rh1 44. Rg6 Rf1+ 45. Ke5 Re1+
46. Kd5 Rh1 47. Rxb6 1-0

[Event "7. Lichtenberger Sommer"]
[Site "Berlin"]
[Date "2008.08.16"]
[Round "1.12"]
[White "Mueller, Johannes"]
[Black "Bruchmann, Stephan"]
[Result "0-1"]
[WhiteElo "1789"]
[BlackElo "2292"]
[PlyCount "64"]
[EventDate "2008.??.??"]
[WhiteTeam "SC Eintracht Berlin e.V."]
[BlackTeam "Sfrd. Berlin 1903 e.V."]

1. e4 c6 2. d4 d5 3. e5 c5 4. Nf3 Bg4 5. Be2 Nc6 6. c3 e6 7. O-O Bxf3 8. Bxf3
cxd4 9. cxd4 Qb6 10. g3 Qxd4 11. Qxd4 Nxd4 12. Bd1 Ne7 13. Nc3 Nec6 14. f4 Bc5
15. Kg2 O-O 16. a3 Nf5 17. Re1 a6 18. Bd2 Rac8 19. Rc1 Ba7 20. b4 b5 21. g4
Nh4+ 22. Kg3 g5 23. f5 h6 24. a4 Nxe5 25. Rxe5 Bb8 26. Bf4 gxf4+ 27. Kxh4 Bxe5
28. Ne2 f3 29. Rxc8 Rxc8 30. Ng3 Rc3 31. axb5 axb5 32. fxe6 fxe6 0-1

[Event "7. Lichtenberger Sommer"]
[Site "Berlin"]
[Date "2008.08.16"]
[Round "1.13"]
[White "Petersen, Soren Boeck"]
[Black "Krannich, Sven"]
[Result "1/2-1/2"]
[WhiteElo "2242"]
[BlackElo "1876"]
[PlyCount "154"]
[EventDate "2008.??.??"]
[WhiteTeam "Vanlose Skakklub"]
[BlackTeam "USC Viadrina Frankfurt (Oder) e."]

1. e4 e6 2. d4 c5 3. c3 Nf6 4. e5 Nd5 5. Nf3 cxd4 6. cxd4 Bb4+ 7. Bd2 Qa5 8.
Bd3 Nf4 9. O-O Nxd3 10. Qc2 Nc6 11. Qxd3 b6 12. Qe4 Bb7 13. Nc3 Qa6 14. Qg4 Ne7
15. Ne4 Qd3 16. Bxb4 Qxe4 17. Qxe4 Bxe4 18. Nd2 Bd5 19. Bxe7 Kxe7 20. Rfc1 Rhc8
21. a3 Rc6 22. Rxc6 dxc6 23. f3 f6 24. Kf2 fxe5 25. dxe5 Rf8 26. Re1 Rf4 27.
Ke3 Rh4 28. h3 c5 29. Re2 Rd4 30. Nb1 Kd7 31. Rd2 Rxd2 32. Nxd2 Kc6 33. Kd3 b5
34. g3 a5 35. f4 Bg2 36. h4 Kd5 37. b3 Bh3 38. a4 Bf5+ 39. Kc3 b4+ 40. Kb2 Bd3
41. Nf3 h6 42. Ne1 Be4 43. Nc2 Bd3 44. Ne1 Be2 45. Kc2 c4 46. bxc4+ Bxc4 47.
Nf3 g6 48. h5 Be2 49. Nd2 Bxh5 50. Nb3 Bf3 51. Nxa5 Be4+ 52. Kb3 Kc5 53. Kb2
Bd5 54. Nb3+ Kc4 55. Nc1 Kd4 56. Ne2+ Kc4 57. Nc1 Bc6 58. a5 Kb5 59. Nb3 Bd5
60. g4 h5 61. gxh5 gxh5 62. f5 exf5 63. Nd4+ Kxa5 64. Nxf5 Kb6 65. Kc1 Kc5 66.
Kd2 Bf7 67. Ng7 Bg6 68. Ne6+ Kc4 69. Nf4 Be8 70. e6 h4 71. e7 b3 72. Kc1 h3 73.
Nxh3 Kc3 74. Nf4 b2+ 75. Kb1 Kb3 76. Nd3 Bg6 77. e8=Q Bxe8 1/2-1/2

[Event "7. Lichtenberger Sommer"]
[Site "Berlin"]
[Date "2008.08.16"]
[Round "1.14"]
[White "Schlittermann, Wolfgang"]
[Black "Plump, Detlef"]
[Result "0-1"]
[WhiteElo "1626"]
[BlackElo "2263"]
[PlyCount "118"]
[EventDate "2008.??.??"]
[WhiteTeam "SK Gillette"]
[BlackTeam "Chessclub York"]

1. Nf3 Nf6 2. c4 e6 3. d4 b6 4. Nc3 Bb4 5. Bd2 O-O 6. e3 Bb7 7. Bd3 d5 8. cxd5
exd5 9. O-O Nbd7 10. Rc1 a6 11. a3 Bd6 12. Re1 Ne4 13. Qc2 Qe7 14. Qb3 Ndf6 15.
Re2 Nxd2 16. Rxd2 Ne4 17. Re2 Rad8 18. Bb1 Rfe8 19. Qc2 g6 20. Kh1 Rc8 21. Qb3
Nf6 22. Nd1 Rcd8 23. Bd3 Qe6 24. Rec2 Rb8 25. Qc3 Ne4 26. Qe1 c5 27. dxc5 bxc5
28. Qf1 Bf8 29. Nd2 Nf6 30. Nf3 Ne4 31. Nd2 Nf6 32. Nf3 Rec8 33. Ng5 Qe5 34. f4
Qd6 35. Nf3 Nd7 36. Be2 Bg7 37. b3 Re8 38. Qf2 Ba8 39. Nd2 d4 40. Nc4 Qe7 41.
Bf3 Bxf3 42. gxf3 Rxb3 43. e4 Bh6 44. Qg3 Qf6 45. Qg4 Re7 46. Ne5 Nxe5 47. fxe5
Qxf3+ 48. Qxf3 Rxf3 49. Rb1 Rxe5 50. Nf2 d3 51. Rcb2 Rxf2 52. Rxf2 Rxe4 53.
Rb8+ Kg7 54. Rb7 Bf4 55. Rd7 d2 56. Kg2 c4 57. Rf1 Re1 58. Kf2 Rxf1+ 59. Kxf1
c3 0-1

[Event "7. Lichtenberger Sommer"]
[Site "Berlin"]
[Date "2008.08.16"]
[Round "1.15"]
[White "Reichenbach, Werner"]
[Black "Pozzo, Sebastian C"]
[Result "1/2-1/2"]
[WhiteElo "2305"]
[BlackElo "1980"]
[PlyCount "44"]
[EventDate "2008.??.??"]
[WhiteTeam "Schachclub Schwante"]
[BlackTeam "Streatham"]

1. c4 Nf6 2. Nc3 e6 3. d4 d5 4. Nf3 c6 5. Qc2 Bd6 6. e3 Nbd7 7. b3 Qa5 8. Bd2
Qc7 9. Bd3 O-O 10. e4 dxe4 11. Nxe4 Nxe4 12. Bxe4 Nf6 13. c5 Bf4 14. O-O Bxd2
15. Nxd2 e5 16. dxe5 Qxe5 17. Bd3 Re8 18. Nf3 Qh5 19. Rae1 Bg4 20. Rxe8+ Rxe8
21. Re1 Rxe1+ 22. Nxe1 Qe5 1/2-1/2

[Event "7. Lichtenberger Sommer"]
[Site "Berlin"]
[Date "2008.08.16"]
[Round "1.16"]
[White "Albinus, Guenter"]
[Black "Bruedigam, Martin"]
[Result "0-1"]
[WhiteElo "1920"]
[BlackElo "2218"]
[PlyCount "146"]
[EventDate "2008.??.??"]
[WhiteTeam "SG Weißensee 49 e.V."]
[BlackTeam "USV Potsdam e.V., Abt. Schach"]

1. Nf3 Nf6 2. g3 b6 3. Bg2 Bb7 4. O-O c5 5. c4 g6 6. b3 Bg7 7. Bb2 Nc6 8. d3
O-O 9. Nc3 d5 10. Nxd5 Nxd5 11. cxd5 Bxb2 12. dxc6 Bxc6 13. Rb1 Bg7 14. Qd2 Rc8
15. Rfc1 Qd7 16. a4 Bb7 17. Qe3 Rfd8 18. Ne5 Qc7 19. Bxb7 Qxb7 20. Qf3 Qxf3 21.
Nxf3 a6 22. Nd2 Kf8 23. Nc4 b5 24. axb5 axb5 25. Na3 b4 26. Nc4 Rc6 27. Nb2 e6
28. Na4 Rdc8 29. Rc4 Ke7 30. Rbc1 Kd6 31. Kg2 Bf8 32. h4 e5 33. R1c2 Kd7 34. f3
Be7 35. Kh3 h5 36. Kg2 Ke6 37. Kf2 f5 38. e3 Kd6 39. Ke2 Bf6 40. Rc1 R6c7 41.
Nb6 Rb8 42. Na4 Rb5 43. R1c2 Ra5 44. Rc1 Rb5 45. R1c2 Bg7 46. Kf2 Ra5 47. Ke2
Bf6 48. Kf2 f4 49. exf4 exf4 50. Rxf4 Bd4+ 51. Kg2 Rxa4 52. bxa4 b3 53. Rc1 Be3
54. Rb1 Bxf4 55. gxf4 Rb7 56. Kf2 Kd5 57. Ke2 Kd4 58. Kd2 b2 59. Kc2 Rb4 60.
Rxb2 Rxa4 61. Kd2 Ra3 62. Rb6 Ra2+ 63. Kc1 Rg2 64. Rd6+ Ke3 65. Rd5 Kxf4 66.
Rxc5 Kxf3 67. Re5 Rg4 68. Re6 Kg3 69. Kd2 Kxh4 70. Re4 Rxe4 71. dxe4 Kg5 72.
Ke3 Kf6 73. Kf4 g5+ 0-1

[Event "7. Lichtenberger Sommer"]
[Site "Berlin"]
[Date "2008.08.16"]
[Round "1.17"]
[White "Struk, Jerzy"]
[Black "Voelker, Thomas"]
[Result "1-0"]
[WhiteElo "2164"]
[BlackElo "1766"]
[PlyCount "56"]
[EventDate "2008.??.??"]
[BlackTeam "SF Friedrichshagen"]

1. e4 c5 2. Nf3 Nc6 3. c3 d5 4. exd5 Qxd5 5. d4 Bg4 6. Be2 e6 7. O-O Nf6 8. Be3
cxd4 9. cxd4 Be7 10. Nc3 Qd6 11. h3 Bh5 12. Qb3 Qb4 13. Qc2 O-O 14. a3 Qd6 15.
Qb3 a6 16. Rfd1 Rfd8 17. Rac1 b5 18. Rd2 Rac8 19. Qd1 Nd5 20. Nxd5 exd5 21.
Rdc2 Qe6 22. b4 Na7 23. Rc7 Rxc7 24. Rxc7 Rd7 25. Qc1 Bd6 26. Rc3 Rd8 27. Ng5
Bh2+ 28. Kxh2 Qd6+ 1-0

[Event "7. Lichtenberger Sommer"]
[Site "Berlin"]
[Date "2008.08.16"]
[Round "1.18"]
[White "Schmalzried, Volker"]
[Black "Niehaus, Frank"]
[Result "0-1"]
[WhiteElo "1758"]
[BlackElo "2185"]
[PlyCount "116"]
[EventDate "2008.??.??"]
[WhiteTeam "Umweltbundesamt"]
[BlackTeam "Sfrd. Berlin 1903 e.V."]

1. c4 Nf6 2. Nc3 g6 3. d4 Bg7 4. Nf3 O-O 5. g3 d6 6. Bg2 Nbd7 7. O-O e5 8. dxe5
dxe5 9. Bg5 h6 10. Bxf6 Bxf6 11. Qc2 c6 12. Rad1 Qe7 13. Ne4 Bg7 14. Nd6 Nf6
15. c5 Ne8 16. Nh4 Nxd6 17. Rxd6 Rd8 18. Rfd1 Be6 19. b4 Rxd6 20. Rxd6 Rd8 21.
Rxd8+ Qxd8 22. a4 Qd4 23. Qb1 Qc3 24. Be4 f5 25. Bc2 Bf7 26. Ng2 a5 27. bxa5
Qxc5 28. e4 Qxa5 29. Qxb7 Qd2 30. Qb1 f4 31. gxf4 exf4 32. Qd1 Bc3 33. Qxd2
Bxd2 34. a5 Bxa5 35. Nxf4 Bc7 36. Nd3 Bd6 37. f4 c5 38. Kf2 c4 39. Ne5 Bxe5 40.
fxe5 g5 41. Kg3 Kf8 42. h4 gxh4+ 43. Kxh4 Ke7 44. Kg4 Ke6 45. Kf4 Bh5 46. Bb1
Bd1 47. Ba2 Bb3 48. Bb1 c3 49. Kg4 Bd1+ 50. Kh4 Kxe5 51. Bd3 Bf3 52. Bc2 Bxe4
53. Bd1 Bg6 54. Ba4 Kd4 55. Bb3 Ke3 56. Ba4 Kd2 57. Bb3 c2 58. Bxc2 Kxc2 0-1

[Event "7. Lichtenberger Sommer"]
[Site "Berlin"]
[Date "2008.08.16"]
[Round "1.19"]
[White "Rohde, Wolfgang"]
[Black "Radjenovic, Branko"]
[Result "1-0"]
[WhiteElo "2198"]
[BlackElo "1903"]
[PlyCount "69"]
[EventDate "2008.??.??"]
[WhiteTeam "SC Friesen Lichtenberg e.V."]
[BlackTeam "SK Aleksandar Matanovic"]

1. c4 Nf6 2. Nc3 g6 3. e4 d6 4. d4 Bg7 5. Nf3 O-O 6. Be2 c5 7. O-O cxd4 8. Nxd4
Nc6 9. Be3 Bd7 10. Rc1 a6 11. Qd2 Rc8 12. f3 Qc7 13. Nd5 Qd8 14. Nb3 Nxd5 15.
cxd5 Ne5 16. Qb4 Rxc1 17. Rxc1 Bc8 18. Na5 b5 19. a4 bxa4 20. Qxa4 f5 21. exf5
gxf5 22. Nc6 Nxc6 23. dxc6 e5 24. Bxa6 f4 25. Bf2 d5 26. b4 e4 27. fxe4 dxe4
28. Bxc8 Qxc8 29. b5 e3 30. Be1 Qg4 31. c7 Be5 32. Qc4+ Kg7 33. c8=Q Qg5 34.
Qxf8+ Kxf8 35. Qe6 1-0

[Event "7. Lichtenberger Sommer"]
[Site "Berlin"]
[Date "2008.08.16"]
[Round "1.20"]
[White "Karunaharamoorthy, Achudhan"]
[Black "Meissner, Hans-Juergen"]
[Result "0-1"]
[WhiteElo "1869"]
[BlackElo "2212"]
[PlyCount "70"]
[EventDate "2008.??.??"]
[WhiteTeam "SC Kreuzberg e.V."]
[BlackTeam "SV Empor Berlin e.V."]

1. d4 Nf6 2. c4 g6 3. Nc3 Bg7 4. e4 O-O 5. Be2 d6 6. Bg5 c5 7. d5 e6 8. Nf3
exd5 9. exd5 h6 10. Bf4 Re8 11. O-O g5 12. Bg3 Nh5 13. Qc2 Nxg3 14. hxg3 Nd7
15. Rfe1 a6 16. a4 Ne5 17. Nxe5 Rxe5 18. a5 Bf5 19. Qd2 Qd7 20. Ra3 Rae8 21.
Kf1 R5e7 22. Raa1 Bg6 23. Bd3 Bxd3+ 24. Qxd3 Rxe1+ 25. Rxe1 Rxe1+ 26. Kxe1 Qd8
27. Kd2 Qxa5 28. Kc2 Bxc3 29. Qxc3 Qxc3+ 30. Kxc3 f5 31. b4 cxb4+ 32. Kxb4 b6
33. Kc3 Kf7 34. Kd3 Kf6 35. Kd4 a5 0-1

[Event "7. Lichtenberger Sommer"]
[Site "Berlin"]
[Date "2008.08.16"]
[Round "1.21"]
[White "Gebigke, Martin"]
[Black "Fischer, Anke"]
[Result "1-0"]
[WhiteElo "2151"]
[BlackElo "1835"]
[PlyCount "51"]
[EventDate "2008.??.??"]
[WhiteTeam "SV Berolina Mitte e.V."]
[BlackTeam "SG Lasker Steglitz-Wilmersdorf"]

1. e4 c5 2. Nf3 e6 3. d4 cxd4 4. Nxd4 a6 5. Nc3 Nc6 6. Be3 Qc7 7. Be2 Nf6 8.
O-O Be7 9. f4 d6 10. Kh1 Bd7 11. Nf3 O-O 12. Bd3 b5 13. Bg1 Rac8 14. Qe2 Nb4
15. e5 Nfd5 16. Nxd5 Nxd5 17. Ng5 g6 18. Bd4 Nxf4 19. Rxf4 Bxg5 20. Rg4 Be7 21.
Qe3 Rfd8 22. Rf1 dxe5 23. Bxe5 Bd6 24. Bf6 Re8 25. Bxg6 hxg6 26. Qh6 1-0

[Event "7. Lichtenberger Sommer"]
[Site "Berlin"]
[Date "2008.08.16"]
[Round "1.22"]
[White "Belger, Christian"]
[Black "Rietze, Clemens"]
[Result "0-1"]
[WhiteElo "1969"]
[BlackElo "2128"]
[PlyCount "59"]
[EventDate "2008.??.??"]
[WhiteTeam "USV Potsdam e.V., Abt. Schach"]
[BlackTeam "ESV Lok Falkenberg e.V."]

1. e4 e5 2. Nf3 Nc6 3. Bb5 a6 4. Bxc6 dxc6 5. O-O Bg4 6. h3 h5 7. d3 Qf6 8. Be3
Bxf3 9. Qxf3 Qxf3 10. gxf3 Bd6 11. d4 exd4 12. Bxd4 f6 13. Nc3 Ne7 14. Kh1 Kf7
15. Ne2 Ng6 16. Be3 Rae8 17. Rad1 Nh4 18. Nd4 g6 19. Ne2 Nxf3 20. Nc3 g5 21.
Rd3 g4 22. Bc1 Reg8 23. Ne2 Re8 24. Ng3 Bxg3 25. fxg3 Rxe4 26. Be3 Rhe8 27. Bf2
Re2 28. Rd7+ R8e7 29. Rd3 Rxf2 30. Rxf2 0-1

[Event "7. Lichtenberger Sommer"]
[Site "Berlin"]
[Date "2008.08.16"]
[Round "1.23"]
[White "Schatz, Dieter"]
[Black "Wendland, Frank"]
[Result "1-0"]
[WhiteElo "2216"]
[BlackElo "1736"]
[PlyCount "93"]
[EventDate "2008.??.??"]
[WhiteTeam "SK Landau"]
[BlackTeam "Treptower SV 1949 e.V."]

1. e4 e5 2. Nf3 Nc6 3. Bc4 Nf6 4. d4 exd4 5. e5 d5 6. Bb5 Ne4 7. Nxd4 Bd7 8.
Bxc6 bxc6 9. O-O Be7 10. f3 Ng5 11. f4 Ne4 12. f5 c5 13. Ne6 Bxe6 14. fxe6 O-O
15. exf7+ Rxf7 16. Rxf7 Kxf7 17. Nd2 Nxd2 18. Bxd2 Kg8 19. Qg4 Rb8 20. Qe6+ Kh8
21. Rf1 c4 22. h3 Bc5+ 23. Kh2 Rxb2 24. Bg5 Qg8 25. Qc6 Bd4 26. Qxc7 Rb8 27. e6
Re8 28. e7 h6 29. Qd7 Bc5 30. Bh4 g5 31. Rf6 Rxe7 32. Rxh6+ Rh7 33. Bxg5 Rxh6
34. Bxh6 Bd4 35. Bf4 Qf8 36. Qg4 Qc5 37. Qh5+ Kg8 38. Qg6+ Kh8 39. Qh6+ Kg8 40.
Qe6+ Kh7 41. h4 Bg7 42. h5 d4 43. Qg6+ Kh8 44. h6 Bf8 45. Qf6+ Kh7 46. Qf7+ Kh8
47. h7 1-0

[Event "7. Lichtenberger Sommer"]
[Site "Berlin"]
[Date "2008.08.16"]
[Round "1.24"]
[White "Casny, Guenter"]
[Black "Kollberg, Lothar"]
[Result "0-1"]
[WhiteElo "1903"]
[BlackElo "2253"]
[PlyCount "122"]
[EventDate "2008.??.??"]
[WhiteTeam "SC Rochade e.V."]
[BlackTeam "SC Rotation Pankow e.V."]

1. e4 g6 2. d4 Bg7 3. Nf3 d6 4. Be3 Nf6 5. Bd3 O-O 6. c3 Nbd7 7. h3 e5 8. d5 c6
9. c4 cxd5 10. cxd5 Nc5 11. Nc3 Qb6 12. Rb1 a5 13. O-O Bd7 14. Re1 Rfc8 15. Nd2
Qd8 16. Bf1 Ne8 17. f3 Bf6 18. Nb3 Bh4 19. Re2 Na4 20. Rc2 Nxc3 21. bxc3 b5 22.
Qd2 a4 23. Nc1 Rab8 24. Nd3 f5 25. Nb4 f4 26. Bf2 Rb7 27. a3 Ng7 28. Qe1 Bxf2+
29. Qxf2 Nh5 30. Rbc1 Ng3 31. Bd3 g5 32. c4 bxc4 33. Bxc4 g4 34. fxg4 Nxe4 35.
Qf3 Qb6+ 36. Kh2 Ng5 37. Qf1 Kg7 38. Rc3 Ne4 39. R3c2 Rbc7 40. Qe2 Qd4 41. Bd3
Nc3 42. Qe1 Nxd5 43. Rxc7 Nxc7 44. Qh4 f3 45. Qe7+ Kg8 46. Qxh7+ Kf8 47. Qh6+
Ke7 48. Qg5+ Kf8 49. Qf6+ Kg8 50. gxf3 Ne8 51. Qg6+ Kf8 52. Qh6+ Ke7 53. Qg5+
Kf8 54. Rf1 Rc3 55. Qh6+ Ng7 56. Qf6+ Kg8 57. Qd8+ Be8 58. Be4 Qd2+ 59. Kh1 Rc5
60. Qh4 Kf8 61. Qf6+ Kg8 0-1

[Event "7. Lichtenberger Sommer"]
[Site "Berlin"]
[Date "2008.08.16"]
[Round "1.25"]
[White "Novkovic, Julia"]
[Black "Wege, Hermann"]
[Result "1-0"]
[WhiteElo "2128"]
[BlackElo "1980"]
[PlyCount "40"]
[EventDate "2008.??.??"]
[WhiteTeam "Dornbirn"]
[BlackTeam "Schachclub Rathenow e.V."]

1. e4 c5 2. Nc3 e6 3. Nf3 a6 4. d4 cxd4 5. Nxd4 Qc7 6. Bd3 Nc6 7. Nxc6 dxc6 8.
a4 b6 9. O-O e5 10. Qe2 Nf6 11. Kh1 Be7 12. f4 Bg4 13. Qe1 Bc8 14. fxe5 Qxe5
15. Bf4 Qc5 16. e5 Nd5 17. Ne4 Qd4 18. Nd6+ Bxd6 19. exd6+ Be6 20. Rd1 O-O 1-0

[Event "7. Lichtenberger Sommer"]
[Site "Berlin"]
[Date "2008.08.16"]
[Round "1.26"]
[White "Fuchs, Joerg"]
[Black "Pueschel, Werner"]
[Result "0-1"]
[WhiteElo "1914"]
[BlackElo "2189"]
[PlyCount "76"]
[EventDate "2008.??.??"]
[WhiteTeam "SC Kreuzberg e.V."]
[BlackTeam "SG Lasker Steglitz-Wilmersdorf"]

1. e4 c5 2. Nf3 e6 3. d3 Nc6 4. g3 d6 5. Bg2 Be7 6. O-O Bd7 7. Nbd2 b5 8. Re1
Rc8 9. h3 Qc7 10. Nh2 Nf6 11. Kh1 g6 12. Ndf3 h5 13. Bg5 e5 14. Qd2 Nd8 15.
Rad1 Ne6 16. c3 Bc6 17. Be3 Nh7 18. h4 Rd8 19. Bh3 Ng7 20. Bh6 O-O 21. Ng5 Bxg5
22. Bxg5 f6 23. Bh6 d5 24. Bg2 dxe4 25. Bxe4 Bxe4+ 26. Rxe4 Rf7 27. Bxg7 Kxg7
28. Nf3 Rfd7 29. Kg1 Nf8 30. g4 hxg4 31. Rxg4 Rxd3 32. Qxd3 Rxd3 33. Rxd3 f5
34. Rg5 e4 35. Re3 exf3 36. h5 Qd8 37. h6+ Kh7 38. Rg3 f4 0-1